Cartas de condenados a muerte: (Record no. 40976)

MARC details
000 -LEADER
campo de control de longitud fija 00963nam a2200241 i 4500
001 - NÚMERO DE CONTROL
campo de control 40976
003 - IDENTIFICADOR DE NÚMERO DE CONTROL
campo de control ES-MaACL
005 - FECHA Y HORA DE LA ÚLTIMA TRANSACCIÓN
campo de control 20250815100400.0
007 - CAMPO FIJO DE DESCRIPCIÓN FÍSICA--INFORMACIÓN GENERAL
campo de control de longitud fija t|
008 - DATOS DE LONGITUD FIJA--INFORMACIÓN GENERAL
campo de control de longitud fija 030307s1972 sp ||||1| spa d
245 00 - MENCIÓN DEL TÍTULO
Título Cartas de condenados a muerte:
Resto del título [víctimas del nazismo] /
Mención de responsabilidad, etc. [traducción de Jaume Reig ; selección de Ramón Comas ; edición de Piero Malvezzi y Giovanni Pirelli ; prólogo de Thomas Mann].
260 ## - PUBLICACIÓN, DISTRIBUCIÓN, ETC.
Lugar de publicación, distribución, etc. Barcelona :
Nombre del editor, distribuidor, etc. Laia,
Fecha de publicación, distribución, etc. 1972.
300 ## - DESCRIPCIÓN FÍSICA
Extensión 282 p. ;
Dimensiones 19 cm.
490 1# - MENCIÓN DE SERIE
Mención de serie Ediciones de bolsillo. Opinión e Informe. Documentos ;
Designación de volumen o secuencia 98
650 #4 - PUNTO DE ACCESO ADICIONAL DE MATERIA--TÉRMINO DE MATERIA
Término de materia o nombre geográfico como elemento de entrada Guerra mundial, 1939-1945-
Subdivisión general Prisioneros.
9 (RLIN) 171289
650 00 - PUNTO DE ACCESO ADICIONAL DE MATERIA--TÉRMINO DE MATERIA
Término de materia o nombre geográfico como elemento de entrada Guerra mundial, 1939-1945-
Subdivisión de forma Relatos personales.
9 (RLIN) 13254
700 1# - ENTRADA AGREGADA--NOMBRE PERSONAL
Nombre de persona Reig, Jaume.
9 (RLIN) 95994
700 1# - ENTRADA AGREGADA--NOMBRE PERSONAL
Nombre de persona Comas, Ramón.
9 (RLIN) 39941
700 0# - ENTRADA AGREGADA--NOMBRE PERSONAL
Nombre de persona Mann, Thomas,
Fechas asociadas al nombre 1875-1955
9 (RLIN) 76055
830 10 - PUNTO DE ACCESO ADICIONAL DE SERIE-TÍTULO UNIFORME
Título uniforme Ediciones de bolsillo.
Nombre de parte o sección de la obra Opinión e informe
Designación de volumen o secuencia 98
9 (RLIN) 191873
852 ## - LOCALIZACIÓN
Ubicación ES-MaACL
Número de control de estantería C-43614
Holdings
Estatus retirado Estado de pérdida Estado de daño No para préstamo Biblioteca de origen Biblioteca actual Ubicación en estantería Fecha de adquisición Fuente de adquisición Total de préstamos Signatura topográfica completa Código de barras Visto por última vez Precio de reemplazo Tipo de ítem Koha
        Biblioteca del Ateneo de Madrid Biblioteca del Ateneo de Madrid Depósito 2 17/01/2008     C-43614 1043141 23/02/2023 23/02/2023 Libro impreso